[Event "GER-ch U25 op-A"]
[Site "Oberhof"]
[Date "2013.05.23"]
[Round "7"]
[White "Steingraeber, Kai Uwe"]
[Black "Usczeck, Lukas"]
[Result "1-0"]
[WhiteElo "2169"]
[BlackElo "1794"]
[PlyCount "67"]
[EventDate "2013.05.19"]
[EventType "swiss"]
[EventRounds "9"]
[EventCountry "GER"]
[SourceTitle "CBM 154 Extra"]
[Source "ChessBase"]
[SourceDate "2013.06.25"]
[SourceVersion "2"]
[SourceVersionDate "2013.06.25"]
[SourceQuality "1"]

1. d4 Nf6 2. c4 e6 3. Nf3 Bb4+ 4. Bd2 Qe7 5. g3 0-0 6. Bg2 d5 7. 0-0 Nbd7 8. Bg5 b6 9. Ne5 h6 10. Bf4 Bb7 11. Qa4 g5 12. Nxd7 Nxd7 13. Bc1 f5 14. c5 bxc5 15. a3 Nb6 16. Qc2 cxd4 17. axb4 Qxb4 18. Qxc7 Rf7 19. Qe5 Qe7 20. Qxd4 e5 21. Qd1 f4 22. Nc3 e4 23. Nb5 Qc5 24. Nd4 Nc4 25. b3 fxg3 26. bxc4 gxh2+ 27. Kxh2 dxc4 28. e3 Qe5+ 29. Kg1 Qg7 30. Qc2 Re8 31. Qxc4 g4 32. Rxa7 Kh8 33. Ne6 Qe5 34. Nf4 1-0

[Event "GER-ch U25 op-A"]
[Site "Oberhof"]
[Date "2012.05.29"]
[Round "4"]
[White "Humburg, Philipp"]
[Black "Usczeck, Lukas"]
[Result "1-0"]
[WhiteElo "1886"]
[BlackElo "1775"]
[PlyCount "35"]
[EventDate "2012.05.27"]
[EventType "swiss"]
[EventRounds "9"]
[EventCountry "GER"]
[SourceTitle "CBM 148 Extra"]
[Source "ChessBase"]
[SourceDate "2012.06.22"]
[SourceVersion "1"]
[SourceVersionDate "2012.06.22"]
[SourceQuality "1"]

1. e4 c5 2. Nf3 e6 3. d4 cxd4 4. Nxd4 a6 5. Bd3 Qc7 6. 0-0 Nf6 7. Be3 Be7 8. Nc3 0-0 9. f4 d6 10. g4 b5 11. g5 Ne8 12. Qh5 f6 13. g6 h6 14. f5 e5 15. Nd5 Qb7 16. Nb3 Bd8 17. a4 Bd7 18. Na5 1-0

[Event "SVR-ch MAT-II 35th"]
[Site "Nickenich"]
[Date "2012.03.30"]
[Round "1"]
[White "Bonk, Andras"]
[Black "Usczeck, Lukas"]
[Result "0-1"]
[WhiteElo "1964"]
[BlackElo "1708"]
[PlyCount "68"]
[EventDate "2012.03.30"]
[EventType "tourn"]
[EventRounds "9"]
[EventCountry "GER"]
[SourceTitle "EXT 2013"]
[Source "ChessBase"]
[SourceDate "2012.11.22"]
[SourceVersion "1"]
[SourceVersionDate "2012.11.22"]
[SourceQuality "1"]

1. e4 c5 2. Nf3 e6 3. d4 cxd4 4. Nxd4 a6 5. Nc3 d6 6. Be3 Nf6 7. a4 b6 8. Be2 Bb7 9. 0-0 Nxe4 10. Nxe4 Bxe4 11. Bf3 Bxf3 12. Qxf3 Nd7 13. a5 d5 14. axb6 Nxb6 15. Qe2 Nc4 16. b3 Nxe3 17. fxe3 Qb6 18. Qf3 Ra7 19. Qg3 g6 20. Nc6 Rb7 21. Qe5 Rg8 22. Na5 Rc7 23. Qf4 Bb4 24. c3 Bxc3 25. Qa4+ Ke7 26. Qh4+ Ke8 27. Qa4+ Kf8 28. Ra2 Qxe3+ 29. Kh1 Qb6 30. b4 Qxb4 31. Qc2 Kg7 32. Qf2 Qc5 33. Qf4 Rgc8 34. Nb3 Qb4 0-1

[Event "GER-chA U25"]
[Site "Oberhof"]
[Date "2011.06.15"]
[Round "6"]
[White "Kardoeus, David"]
[Black "Usczeck, Lukas"]
[Result "1-0"]
[WhiteElo "1730"]
[BlackElo "1524"]
[PlyCount "135"]
[EventDate "2011.06.11"]
[EventType "swiss"]
[EventRounds "9"]
[EventCountry "GER"]
[SourceTitle "CBM 142 Extra"]
[Source "ChessBase"]
[SourceDate "2011.06.27"]
[SourceVersion "1"]
[SourceVersionDate "2011.06.27"]
[SourceQuality "1"]

1. b3 d5 2. Bb2 Bg4 3. Nf3 Bxf3 4. exf3 e6 5. g3 Nf6 6. Bg2 g6 7. f4 Bg7 8. d4 c6 9. Ba3 b5 10. 0-0 a5 11. Nd2 b4 12. Bb2 0-0 13. Rc1 Nbd7 14. c4 Rc8 15. c5 Qc7 16. Re1 Rfe8 17. Nf3 Ng4 18. Ne5 Nh6 19. Rc2 Nxe5 20. fxe5 Nf5 21. Bh3 Bh6 22. Bxf5 exf5 23. Rce2 Re6 24. Bc1 Bxc1 25. Qxc1 Qb7 26. h4 Qe7 27. Qg5 Re8 28. Re3 Qxg5 29. hxg5 Kg7 30. g4 fxg4 31. Kg2 Rh8 32. Rg3 h5 33. gxh6+ Rxh6 34. Rxg4 f5 35. Rg3 Re8 36. Rg1 Re6 37. Kf3 Rh8 38. Ke2 Ra8 39. a3 Rb8 40. Ra1 bxa3 41. Rxa3 Rb5 42. Kd2 Re8 43. Kc2 Rh8 44. b4 Rxb4 45. Rxa5 Rhb8 46. Ra7+ R8b7 47. Rxb7+ Rxb7 48. Kd2 Rb2+ 49. Ke3 Rb4 50. Rg1 f4+ 51. Kd3 Rb3+ 52. Kc2 Rf3 53. Rg2 Kh6 54. Kd2 Kg7 55. Ke2 Rh3 56. Rg4 f3+ 57. Ke3 Kf7 58. Rf4+ Ke6 59. Rf6+ Kd7 60. Rd6+ Ke7 61. Rxg6 Rh4 62. Rf6 Re4+ 63. Kd3 Kd7 64. Rxf3 Kd8 65. Rf6 Kd7 66. f4 Ke8 67. f5 Kd7 68. Rd6+ 1-0

[Event "GER-chA U25"]
[Site "Oberhof"]
[Date "2011.06.12"]
[Round "2"]
[White "Orhan, Eda"]
[Black "Usczeck, Lukas"]
[Result "1-0"]
[WhiteElo "1759"]
[BlackElo "1524"]
[PlyCount "55"]
[EventDate "2011.06.11"]
[EventType "swiss"]
[EventRounds "9"]
[EventCountry "GER"]
[SourceTitle "CBM 142 Extra"]
[Source "ChessBase"]
[SourceDate "2011.06.27"]
[SourceVersion "1"]
[SourceVersionDate "2011.06.27"]
[SourceQuality "1"]

1. d4 Nf6 2. Nf3 d5 3. e3 Bf5 4. c4 e6 5. Nc3 c6 6. Be2 Nbd7 7. 0-0 Be7 8. b3 0-0 9. Bb2 h6 10. Bd3 Bxd3 11. Qxd3 Bd6 12. e4 dxe4 13. Nxe4 Nxe4 14. Qxe4 Nf6 15. Qc2 Be7 16. Ne5 Nd7 17. f4 Nxe5 18. fxe5 Bg5 19. Qf2 Be7 20. Rad1 Qb6 21. Qg3 Rad8 22. Kh1 Qc7 23. Bc1 Kh8 24. Qg4 Rd7 25. Rf3 Qxe5 26. Rxf7 Rxd4 27. Rxf8+ Bxf8 28. Qxd4 1-0